Statistiques concernant Ils sont morts en 2018

Cliquez ici pour prendre le quiz!

Statistiques générales

  • Ce quiz a été pris 127 fois
  • Le résultat moyen est 9 sur 18

Statistiques - réponses

Âge Indice Réponse % Correct
70Elle a chanté "Résiste" ou "Il jouait du piano debout"France Gall
96%
94L'un des plus grands chanteurs français à qui l'on doit "La Bohême"Charles Aznavour
87%
94Président américain de 1989 à 1993George Bush Sr.
73%
28DJ suédois qui a connu le succés avec "Wake me up"Avicii
65%
88Célèbre conteur d'enquêtes policières à la télé et ancien animateur de télé-achatPierre Bellemare
64%
76Physicien britannique en fauteuil qui a rédigé "Une brève histoire du temps"Stephen Hawking
60%
93Chef d'entreprise français dans l'industrie aéronautique et de l'armementSerge Dassault
56%
91Chef étolié le plus reconnu de la gastronomie françaisePaul Bocuse
56%
76Chanteuse de soul américaine reconnue comme la reine de ce genre musicalAretha Franklin
47%
73L'un des plus grands chef étolié de la gastronomie françaiseJoël Robuchon
44%
82L'une des légendes de Canal+, ancien animateur de "Nulle part ailleurs"Philippe Gildas
42%
81Adversaire de Barack Obama lors des présidentielles de 2008John McCain
41%
95Le père de Spider-Man, Hulk, Iron Man, des Avengers et des X-MenStan Lee
38%
80Diplomate ghanéen et ancien secrétaire général des Nations UniesKofi Annan
31%
86On lui doit les films "Vol au-dessus d'un nid de coucou" et "Amadeus"Milos Forman
26%
20Rappeur américain tué lors d'une fusillade près de MiamiXXXTentacion
25%
26Rappeur américain et ancien compagnon d'Ariana GrandeMac Miller
13%
65Il a co-fondé Microsoft avec Bill GatesPaul Allen
3%

Distribution des résultats

Percentile par nombre de réponses

% des personnes avec chaque résultat

Votre développement - résultats

Vous n’avez pas pris ce quiz